000 00338nam a2200157Ia 4500
100 _aSchildt/ Herbert
250 _a3
942 _cBK
654 _aComputer
245 _aThe Complete Reference C++ 3rd ed
260 _bTata Mc Graw hill
_c1998
082 _a005.133'C'
_bSCH
300 _a1008
546 _aENGLISH
999 _c21139
_d21139